banner-ar

الاخوان المسلمون و حكم مصر : (Record no. 60358)

MARC details
000 -الفاتح
حقل البيانات ثابتة الطول 01023nam a22002537a 4500
005 - وقت وتاريخ اخر تعامل مع التسجيلة
رقم الضبط 20240530110406.0
008 - عناصر البيانات ثابتة الطول - معلومات عامة
حقل البيانات ثابتة الطول 150202s2012 ua f 000 0 ara d
017 ## - رقم الايداع القانونى
رقم الايداع القانونى 16347
المصدر ( الهيئة المختصة) مصر . دار الكتب المصرية
020 ## - الرقم الدولى المعيارى للكتب
الرقم الدولى المعيارى للكتاب 9789773684295
040 ## - مصدر الفهرسة
وكالة الفهرسة الأصلية EG-CaGPL
041 0# - رمز اللغة
رمز لغة النص/ المسارات الصوتية أو العنوان الانفرادي ara
082 04 - رقم تصنيف ديوى العشرى
رقم الطبعة 21
رقم التصنيف 322.43
رقم المادة ج أ
100 0# - المدخل الرئيسى - إسم شخصى
الإسم الشخصى جمال عبداللطيف حسن حسين
245 12 - بيان العنوان
العنوان الاخوان المسلمون و حكم مصر :
بقية العنوان تضحيات الاخوان المسلمين : ثورة 25 يناير 2011 م /
بيان المسئوليه,etc تاليف جمال عبداللطيف حسن حسين
260 ## - PUBLICATION, DISTRIBUTION, ETC. (IMPRINT)
تاريخ النشر أو التوزيع 2012
300 ## - الوصف المادى
التعداد 172 ص ؛
أبعاد الوعاء 24 سم
600 0# - المدخل الاضافى بالموضوع-اسم شخصى
الإسم الشخصى حسن البنا
600 0# - المدخل الاضافى بالموضوع-اسم شخصى
الإسم الشخصى سيد قطب
600 0# - المدخل الاضافى بالموضوع-اسم شخصى
الإسم الشخصى محمد الغزالى
651 04 - المدخل الاضافى بالموضوع - اسم جغرافى
الاسم الجغرافي مصر
التقسيم الفرعي العام الاخوان المسلمون
651 04 - المدخل الاضافى بالموضوع - اسم جغرافى
الاسم الجغرافي مصر
التقسيم الفرعي العام الاحوال السياسية
-- الاخوان المسلمون
942 ## - عناصر المدخل الإضافي( كوها)
مصدر التصنيف او مخطط الترفيف Dewey Decimal Classification
Koha [default] item type كتاب
260 ## - PUBLICATION, DISTRIBUTION, ETC. (IMPRINT)
-- الاسكندرية :
-- مؤسسة حورس الدولية ،
Holdings
حالة التراجع حالة الفقد حالة تلف ليس للاعارة المكان المؤقت الموقع الحالى تاريخ الاكتساب اجمالي اﻻعارات رقم الطلب الباركود تاريخ اخر مشاهدة تاريخ تفعيل السعر نوع وعاء كوها
        مكتبة القاهرة الكبرى مكتبة القاهرة الكبرى 02/02/2015   322.43 ق/ج أ 159386 02/02/2015 02/02/2015 كتاب

Powered By

EGPV